| 000 | 00353nam a2200133Ia 4500 | ||
|---|---|---|---|
| 008 | 240624s9999 xx 000 0 und d | ||
| 041 | _aeng | ||
| 082 | _a302.35 DON | ||
| 100 | _aPALMER DONALD | ||
| 245 | _aNORMAL ORGANIZATIONAL WRONGDOING A CRITI | ||
| 260 |
_c2012 _aNew Delhi _bOxford India |
||
| 300 | _axv, : 313 : p. : cm. ; 24 | ||
| 365 |
_cRS _b31 |
||
| 999 |
_c23387 _d23387 |
||